| 000 | 00515nam a2200181Ia 4500 | ||
|---|---|---|---|
| 003 | IN-BaIIA | ||
| 008 | 211028s9999 xx 000 0 eng d | ||
| 040 | _cIIA Library | ||
| 080 |
_a621.317 _bGAR |
||
| 100 |
_aGardner, Floyd M _97101 |
||
| 245 | 0 |
_aPhaselock techniques _cFloyd M. Gardner |
|
| 260 |
_aNew York _bJohn Wiley & Sons _c1966 |
||
| 300 | _aviii, 182p. | ||
| 490 | _aThe Wiley monograph series on electronic circuits | ||
| 650 | _aNASA Thesaurus | ||
| 650 |
_aPhase locked systems _97102 |
||
| 942 | _cBK | ||
| 999 |
_c4016 _d4016 |
||